000 01057nam a22003017a 4500
001 10107
003 FISKH
005 20260410111517.0
008 260410b cb ||||| |||| 00| 0 eng d
020 _a9780807553466
040 _aFISKH
_beng
_cFISKH
_dFISKH
050 _aPZ7 .W244 .M
082 _a813.54
100 _aWarner, Gertrude Chandler
_eAuthor
245 _aThe mystery at Snowflake inn /
_cCreated by Gertrude Chandler Warner ; illustrated by Charles Tang
260 _aIllinois :
_bAlbert Whitman & Company ,
_c1994
300 _a100 pages :
_billustrations ;
_c19 cm
490 _aThe boxcar children special :
_v#3
505 _aP
520 _aWhile staying at an eighteenth-century inn in Vermont, the Boxcar children become curious about the mysterious "accidents" that keep plaguing the owners.
521 8 _a600
_bLexile
521 8 _aP
_bRaz-Plus
650 _aBoxcar Children
_vJunior fiction
650 _aMystery
_vWinter
700 _aTang, Charles
_eIllustrator
942 _2ddc
_cBK
_n0
999 _c10107
_d10107